000 01653nam a2200361 a 4500
003 EG-GiCUC
005 20250223025946.0
008 091102s2009 ua d f m 000 0 eng d
040 _aEG-GiCUC
_beng
_cEG-GiCUC
041 0 _aeng
049 _aDeposite
097 _aM.Sc
099 _aCai01.11.10.M.Sc.2009.Ha.D
100 0 _aHanaa Mohamed Abdelaal
245 1 0 _aDetection of plasma and urinary catecholamines and their metabolite levels in vitiligo /
_cHanaa Mohamed Abdelaal ; Supervised Zeinab Shaheen , Tahra Mohamed Leheta , Rania Mohamed Mounir
246 1 5 _aكشف مستوى الكاتيكولامين وايضاتة فى بلازما وبول مرضى البهاق
260 _aCairo :
_bHanaa Mohamed Abdelaal ,
_c2009
300 _a93P. :
_bcharts ;
_c25cm
502 _aThesis (M.Sc.) - Cairo University - Faculty of Medicine - Department of Dermatology and Venerology
520 _aVitiligo is one of the oldest diseases known to mankind . Although not being life threatening or complicated by any serious internal manifestations it still represents one of the most troubling diseases to both patient and physician . For the patient it is a very serious disease with serious psychological implications
530 _aIssued also as CD
653 4 _aCatecholamines
653 4 _aNeural aspects
653 4 _aVitiligo
700 0 _aRania Mohamed Mounir ,
_eSupervisor
700 0 _aTahra Mohamed Leheta ,
_eSupervisor
700 0 _aZeinab Shaheen ,
_eSupervisor
856 _uhttp://172.23.153.220/th.pdf
902 _a1
905 _aFatma
_eCataloger
905 _aNazla
_eRevisor
942 _2ddc
_cTH
999 _c24365
_d24365